[Event "Alcobendas m"]
[Site "Alcobendas"]
[Date "1994.??.??"]
[Round "4"]
[White "Illescas Cordoba, Miguel"]
[Black "Topalov, Veselin"]
[Result "1/2-1/2"]
[WhiteElo "2590"]
[BlackElo "2645"]
[Annotator "Stohl,I"]
[PlyCount "68"]
[EventDate "1994.11.??"]
[EventType "match"]
[EventRounds "6"]
[EventCountry "ESP"]
[SourceTitle "CBM 045"]
[Source "ChessBase"]
[SourceDate "1995.04.01"]
[SourceVersion "1"]
[SourceVersionDate "1995.04.01"]
[SourceQuality "1"]

1. d4 Nf6 2. c4 e6 3. Nc3 c5 4. d5 exd5 5. cxd5 d6 6. e4 g6 7. f4 Bg7 8. Bb5+
Nbd7 $5 (8... Nfd7 9. Be2 O-O 10. Nf3 Qc7 11. O-O c4 12. Be3 a6 13. Rc1 b5 14.
b4 $1 Nf6 15. Bd4 Bb7 16. a4 Re8 17. axb5 Nbd7 18. bxa6 Rxa6 19. Nb5 Qb8 20.
Bxc4 Rxe4 21. Nc3 $16 {Shereshevski,M-Berelovich,A/Elenite-B/1994/}) 9. e5 dxe5
10. fxe5 Nh5 11. e6 Qh4+ 12. g3 Nxg3 13. hxg3 Qxh1 14. Be3 Bxc3+ $1 (14... O-O
15. exd7 Bxd7 16. Bxd7) 15. bxc3 a6 (15... Qe4 16. Qf3 Qxf3 17. exd7+ (17. Nxf3
fxe6 18. dxe6 a6 19. exd7+ Bxd7 20. Bxd7+ Kxd7 21. Bxc5 Kc6 22. Be3 Rae8 23.
Kd2 Re4 24. Nd4+ Kd5 25. Kd3 Rc8 26. Nc2 $14 {Urban,K-Ciemniak,R/POL-ch/1993/})
17... Bxd7 18. Bxd7+ Kxd7 19. Nxf3 b6 $2 (19... Rhe8 $142) 20. Ne5+ Ke7 21. a4
f6 22. Nc4 Rhe8 23. a5 Rab8 24. axb6 axb6 25. Ra6 Kd7 26. Kd2 b5 27. Ra7+ Kd8
28. Na5 {1-0/Kouatly,B-Schmittdiel,E/Augsburg/1989/}) 16. Bxd7+ Bxd7 17. exd7+
Kxd7 $13 18. Qf3 Qxf3 19. Nxf3 Rhe8 (19... Rae8 20. Kf2 Re4 $5 21. Bxc5 Rhe8
22. Re1 Rxe1 23. Nxe1 b6 $1 24. Bxb6 Kd6 25. Nc2 Kxd5 26. Ne3+ Ke4 27. a4 f5
$15 {Thuesen,M-DeFirmian,N/Farum/1993/}) 20. Kf2 Kd6 $6 (20... Re4 21. Bxc5 (
21. Ng5 Re5 {/\} 22. Nxf7 $2 Rf5+) 21... Rae8 {-19...Rae8}) (20... Rac8 21. a4
$1 $36 {/\a5,Rb1}) 21. c4 f6 (21... b5 22. Bf4+ Kd7 23. Ne5+ $16) 22. Rb1 b5 $8
23. Nd2 $1 (23. cxb5 $6 axb5 24. Rxb5 Rxa2+ 25. Nd2 Kxd5 (25... c4 $6 26. Kf3
$16) 26. Rxc5+ Kd6 27. Rc3 $10) (23. Bf4+ Kd7 24. Nd2 g5 25. Be3 Kd6 {-23.Nd2})
23... g5 (23... bxc4 $6 24. Nxc4+ Kxd5 25. Nb6+ Kc6 26. Nxa8 Rxa8 27. Rc1 $16)
24. Kf3 Rad8 {/\bc4} 25. Rd1 $6 (25. Ne4+ $5 Rxe4 (25... Ke5 26. Bxc5 bxc4 27.
d6 $16) 26. Kxe4 Re8+ 27. Kf3 bxc4 28. Rb6+ (28. Rd1 Re5) 28... Kxd5 29. Rxf6
c3 30. Rf5+ $16) 25... h5 $1 26. Ne4+ Rxe4 $8 27. Kxe4 Re8+ 28. Kf3 bxc4 29.
Bd2 (29. Rh1 Kxd5 (29... Rh8 $5 $10) 30. Rxh5 c3 $44) 29... Re5 (29... Kxd5 $2
30. Bxg5+ Kc6 31. Bf4 $16 {ק}) 30. Bc3 Rf5+ $8 (30... Rxd5 31. Rxd5+ Kxd5 32.
Bxf6 g4+ 33. Kf4 $18) 31. Ke4 (31. Ke3 g4 $10) 31... Rf2 $13 32. Ke3 (32. Rb1
$2 f5+ 33. Ke3 Rc2 $15) 32... Rf5 $10 33. Ke4 Rf2 34. Ke3 Rf5 1/2-1/2

[Event "YUG-ch53"]
[Site "Belgrade "]
[Date "1998.03.25"]
[Round "11"]
[White "Ivanisevic, Ivan"]
[Black "Kovacevic, Aleksandar"]
[Result "1/2-1/2"]
[WhiteElo "2460"]
[BlackElo "2515"]
[Annotator "Stohl,I"]
[PlyCount "122"]
[EventDate "1998.03.14"]
[EventType "tourn"]
[EventRounds "15"]
[EventCountry "YUG"]
[EventCategory "10"]
[SourceTitle "CBM 064"]
[Source "ChessBase"]
[SourceDate "1998.06.02"]
[SourceVersion "1"]
[SourceVersionDate "1998.06.02"]
[SourceQuality "1"]

1. d4 c5 2. d5 Nf6 3. c4 e6 4. Nc3 exd5 5. cxd5 d6 6. e4 g6 7. f4 Bg7 8. Bb5+ {
One of the sharpest systems against the Modern Benoni. It was very popular at
the Reykjavik Visa GP open.} Nfd7 ({Not all is so clear even after the
provocative} 8... Nbd7 $5 9. e5 dxe5 10. fxe5 Nh5 11. e6 Qh4+ 12. g3 Nxg3 13.
hxg3 Qxh1 14. Be3 $5 (14. exd7+ Bxd7 15. Bxd7+ Kxd7 16. Qg4+ (16. Qa4+ Kc8 17.
Be3 Bxc3+ 18. bxc3 Qxd5 19. Rd1 Qe6 20. Kf2 Rd8 21. Rxd8+ Kxd8 22. Bxc5 b6 23.
Bd4 Kc7 24. Nf3 Qc6 25. Qb3 Re8 26. Qxf7+ Qd7 27. Qc4+ Qc6 $11 {Zaja,I-Zelcic,
R/Solin/1996/}) 16... f5 $142 (16... Kd8 $6 17. Bg5+ f6 18. O-O-O $1 (18. Be3
Re8 19. Qf4 $4 (19. Kd2 $8 $13) 19... Qxg1+ 20. Kd2 Qg2+ 21. Kd3 Re5 22. Bxc5
Rc8 $19 {Ragnarsson,J-Kristjansson,S/VISA GP/1998/}) 18... Re8 19. Nge2 Qh2 $2
(19... Qh5 $16) 20. Nf4 fxg5 21. Ne6+ Rxe6 22. dxe6+ {1-0,Zaja,I-Kutuzovic,B/
CRO-Cup Pula/1995/}) 17. Qa4+ Kc8 18. Be3 Bxc3+ 19. bxc3 Qxd5 20. Rd1 Qc6 21.
Qxc6+ bxc6 22. Bxc5 Rb8 23. Rd2 Rd8 24. Re2 Rd3 25. Bd4 Kd7 26. Kf2 c5 27. Bxc5
Rxc3 28. Bd4 Rc1 29. Bxa7 Rbc8 $11 {Thorsteins,K-Ashley,M/New York op/1989/})
14... Bxc3+ 15. bxc3 a6 16. exd7+ Bxd7 17. Bxd7+ Kxd7 18. Qb3 b5 19. O-O-O Qe4
$5 $146 (19... Rhe8 20. Bxc5 Rac8 21. Bd4 Qg2 22. Qa3 Qxg3 23. Qxa6 Rxc3+ 24.
Kb2 Rcc8 25. Qxb5+ Kd6 26. Ka1 Qa3 27. Bb2 Qc5 28. Qa6+ Kd7 29. Qa4+ {1-0,
Sokolov,I-Topalov,V/Wijk 1996/}) 20. Bxc5 Rhc8 21. Bd4 (21. Qa3 $5 $36) 21...
Rc4 22. Kb2 (22. Nh3 Rxd4 $1 23. Rxd4 Qh1+ $15) 22... Qg2+ 23. Ka1 Re8 24. Qb2
Qxg3 25. Ne2 Qf3 $17 {Asgeirsson,H-Bjornsson,B/VISA GP/1998/}) (8... Bd7 $143
$6 9. e5 Nh5 10. Nf3 O-O 11. Bxd7 Qxd7 12. O-O Re8 13. Kh1 dxe5 14. fxe5 Bxe5
15. Nxe5 Rxe5 16. g4 Ng7 17. Bf4 Re8 18. Bh6 Qd8 19. Qf3 Rf8 20. Ne4 Nd7 21.
Qc3 f6 22. g5 Rf7 23. Bxg7 Kxg7 24. gxf6+ Kg8 25. d6 $40 {Hillarp Persson,
T-Valgardsson,G/VISA GP/1998/}) 9. a4 (9. Be2 a6 10. a4 Qh4+ 11. g3 Qe7 12. Nf3
O-O 13. O-O Nf6 14. e5 Ng4 15. h3 Nh6 16. g4 Nd7 17. e6 $1 fxe6 18. dxe6 Qxe6
19. Ng5 Qf6 20. Nd5 Qd4+ 21. Be3 Qxd1 22. Raxd1 Nf6 23. Nb6 $16 {Lalic,
B-Galego,L/Ubeda op/1998/}) 9... O-O (9... Qh4+ 10. g3 Qd8 11. Nf3 a6 12. Bd3
O-O 13. O-O Nf6 14. f5 $6 Nbd7 15. Bg5 Qc7 16. Nd2 Rb8 17. a5 h6 18. Bf4 g5 19.
Be3 Ne5 20. Nc4 Nfg4 21. Bc1 Nxc4 22. Bxc4 Bd4+ 23. Kg2 Ne5 24. Qh5 f6 $1 25.
Be2 Kg7 26. h4 Rh8 27. Bd1 Bd7 $17 {Ragnarsson,J-Olafsson,H/VISA GP/1998/}) 10.
Nf3 Na6 (10... a6 11. Bc4 Re8 12. O-O Nb6 13. Bd3 Bg4 14. h3 Bxf3 15. Qxf3 N8d7
16. a5 (16. Bd2 $142 {[%cal Ya1e1,Ye4e5] /\Rae1,e5,|^>>}) 16... Nc8 17. Kh1 Qc7
18. Ra4 Rb8 19. e5 $6 dxe5 20. f5 Nd6 21. fxg6 fxg6 22. Bg5 c4 23. Be2 Nc5 24.
Rxc4 Nxc4 25. Bxc4 Kh8 26. Qf7 Qxf7 27. Rxf7 e4 28. Be7 Nd3 29. Bd6 Rbd8 30.
Bc7 Ne5 $1 $19 {Ragnarsson,J-Bjornsson,T/VISA GP/1998/}) 11. O-O Nb4 {
Kovacevic has had a recent bad experience with the game motive:} (11... Nc7 12.
Bxd7 Bxd7 13. f5 gxf5 (13... b5 $143 14. Bg5 f6 15. Bf4 Qe7 16. fxg6 hxg6 17.
Nh4 Kh7 18. Qd3 Ne8 19. axb5 c4 20. Qf3 f5 21. Qh3 Bd4+ 22. Kh1 Qf6 23. Nxf5+
Kg8 24. Nh6+ Kg7 25. Qxd7+ {1-0,Bykhovsky,A-Schafer,E/Mendrisio op/1989/}) 14.
Bg5 f6 15. Bf4 Ne8 16. Qd2 $5 $146 (16. Qe1 Qe7 17. Nd2 fxe4 18. Ndxe4 f5 19.
Nxd6 Qxe1 20. Rfxe1 Bd4+ 21. Kf1 Nxd6 22. Bxd6 Rfe8 23. Bg3 Rxe1+ 24. Bxe1 a6
25. Bf2 Rc8 26. a5 Bf6 27. Ke2 c4 28. Kf3 $13 {1/2,Djukic,Z-Mihajlovic,V/
JUG-chT Budva/1996/}) (16. Qc2 fxe4 17. Nxe4 Bf5 18. Nh4 Bg6 19. Ra3 Qe7 20.
Nxg6 hxg6 21. Rg3 f5 22. Ng5 Nc7 23. h4 $44 {Chiburdanidze,M-Kotsur,P/WChT
Luzern/1997/}) 16... a6 17. h3 b5 18. axb5 axb5 19. Rxa8 Qxa8 20. exf5 Bxf5 21.
Nxb5 Qa6 22. Nc3 Nc7 23. Bh6 Qd3 24. Bxg7 Kxg7 25. Qf2 Bg6 26. Rd1 Qc2 27. Rd2
Qf5 28. Qg3 $16 {[%csl Rd6,Rg7] עg7,d6,Giorgadze,G-Kovacevic,S/Ubeda op/1998/}
) 12. Kh1 {White can do without this prophylactic move.} (12. Re1 $142 a6 13.
Bf1 Re8 14. Qb3 $5 $146 Nf6 $6 15. e5 $1 Ng4 16. h3 Nh6 17. Ne4 dxe5 18. fxe5
Nf5 19. Bg5 Qb6 20. Bc4 a5 21. Nf6+ Bxf6 22. Bxf6 h6 23. Rad1 $16 {Asgeirsson,
H-Kristjansson,S/VISA GP/1998/}) 12... a6 13. Bxd7 (13. Bc4 Nb6 14. Be2 Bg4 15.
h3 Bxf3 16. Bxf3 Rc8 17. Na2 a5 18. Nxb4 cxb4 19. Rb1 Nc4 20. b3 Na3 21. Rb2
Qh4 22. Rbf2 Nb1 23. Be3 Nc3 $36 {Kopjonkin,G-Laptev,R/Briansk RUS-chT/1995/})
({An interesting alternative is} 13. Be2 $5 Nf6 14. Nd2 b6 15. Bf3 Ra7 16. Nc4
Rd7 17. Be3 Re8 18. Bf2 Bb7 19. a5 b5 20. Nb6 Rc7 21. e5 dxe5 22. d6 Rc6 23.
Bxc6 Nxc6 24. Bxc5 $16 {Salo,H-Moilanen,O/FIN-chT/1989/}) 13... Bxd7 14. f5
gxf5 $146 {Black decides to accept the challenge and takes the sacrificed pawn.
} (14... c4 $5 15. Bg5 Bf6 16. Qd2 (16. e5 $5 Bxg5 17. Nxg5 Qxg5 18. Ne4 Qh4 $2
19. Nf6+ Kh8 20. Nxd7 Rfd8 21. e6 Nd3 22. fxg6 fxg6 23. Qd2 $16 {Vallifuoco,
G-Bademian,J/Dubai olm/1986/}) 16... Nd3 17. h3 $6 gxf5 18. exf5 Bxf5 19. Bxf6
Qxf6 20. Nd4 Qxd4 21. Rxf5 Rae8 22. Qh6 f6 23. Raf1 Rf7 24. Qh5 Re5 25. Rxe5
Nxe5 26. Qf5 Kg7 $15 {Basin,L-Yudasin,L/URS-FL56 Simferopol/1988/}) 15. Bg5 f6
16. Bf4 fxe4 $5 {Black has to return the material immediately. A complicated
tactical position arises.} (16... Qc7 $143 17. Nh4 $16) 17. Nxe4 Bf5 18. Nxd6
Bd3 19. Rf2 Qd7 (19... c4 $2 20. Qe1 $1 a5 21. Qe6+ $16) 20. Qb3 (20. Ne1 $5 c4
(20... Bg6 21. Rc1 $36) 21. b3 Nxd5 22. Nxd3 cxd3 23. Qxd3 Nxf4 24. Rxf4 $14)
20... a5 21. Nd2 (21. Rd2 $6 Qg4 $15) 21... Ra6 22. N2c4 (22. N2e4 $2 c4 $1 $17
) 22... Bxc4 23. Nxc4 Qxd5 24. Rd2 $44 {[%csl Ra5,Ra6,Rc5,Rf6,Rg8] |^׻
Although Black remains a pawn up, he must defend carefully. His pieces are
misplaced (צa6) and pawns weak.} Qf7 25. Rad1 (25. Be3 $5 $44) 25... Re6 26.
Qg3 $5 (26. Nd6 $4 Re1+ $19) (26. Nxa5 $14) 26... Qg6 27. Rd7 Qxg3 28. hxg3 (
28. Bxg3 f5 29. Rxb7 f4 30. Bf2 Bd4 $5 $44) 28... f5 (28... b6 $142 $5 29. Rb7
$36) 29. Rxb7 Bd4 30. Nxa5 $1 (30. b3 Nd5 31. Kh2 Rff6 $1 32. Rb8+ Kg7 33. Rb7+
$11) 30... Bxb2 (30... Rff6 $2 31. Rxb4 cxb4 32. Rxd4 $18) 31. Nc4 Bc3 32. a5
Rfe8 33. Rdd7 $40 Re1+ $6 34. Kh2 Ra1 35. Nd6 $6 ({Even more convincing was} 
35. Be5 $1 Bxe5 36. Nxe5 $18) 35... Rf8 (35... Ra8 36. Nxf5 $18 {->}) 36. Bh6
Nd3 37. Bxf8 $2 {This tactical oversight costs White a deserved win.} (37. Rg7+
$1 Bxg7 (37... Kh8 38. Nf7+ Rxf7 39. Rb8+ $18) 38. Rxg7+ Kh8 39. Nf7+ Rxf7 40.
Rxf7 $18) (37. Rf7 $1 $18) 37... Nf2 $1 {[%cal Ra1h1] /\Rh1# Suddenly with a
minimum of pieces Black has created a mating net.} 38. g4 $8 f4 39. Rg7+ (39.
g3 f3 40. Rg7+ Bxg7 41. Rxg7+ Kxf8 42. Rf7+ Kg8 43. Rxf3 Nxg4+ $11) 39... Bxg7
40. Rxg7+ Kxf8 41. Rf7+ Kg8 42. Rxf4 Nd3 43. Rf3 Ne5 44. Rf5 Nd7 $14 45. Rd5
Kf8 $1 (45... Rxa5 $2 46. Nb7 $18) 46. Ne4 Ke7 47. Nxc5 Nf6 48. Nb3 $8 (48. Rd4
Rxa5 $11) 48... Ra3 49. Rb5 Nxg4+ 50. Kg3 Nf6 51. Kf4 Nd7 52. Rb7 (52. Nc5 $5
$14) 52... Kd6 53. a6 h5 $1 (53... Rxa6 $2 54. Rxd7+ Kxd7 55. Nc5+ $18) 54. Kg5
Ra2 55. g3 Rg2 $11 56. a7 (56. Kh4 Rh2+ 57. Kg5 Rg2 $11) (56. Kf4 Rf2+) 56...
Rxg3+ 57. Kxh5 (57. Kh6 Rg8 $11) 57... Nf6+ 58. Kh4 Rg4+ 59. Kh3 Ra4 60. Nd2
Kc6 61. Rf7 Nd7 {[%cal Ya4a7] /\Ra7} 1/2-1/2